000 00537nam a2200169Ia 4500
003 GCL
008 140319s9999 xx 000 0 ara d
040 _aGCL /
_cGCL
082 0 4 _a371.26
_bاك
100 1 _aالبغدادى، الحافظ جمال الدين
245 1 0 _aكتاب الاذكياء /
_cالبغدادى، الحافظ جمال الدين
260 _a[S.N] :
_bدار الكتب العلمية للنشر والتوزيع ،
_c1985
300 _a279 ص
490 _a
650 0 4 _aالذكاء
942 _2ddc
_cBK
999 _c53137
_d53137